MARC

LEADER 00000nam1a2200000 4500
001 256459
005 20231031215528.0
035 |a (RuTPU)RU\TPU\book\279151 
035 |a RU\TPU\book\36920 
090 |a 256459 
100 |a 20140409d1984 m y0rusy50 ca 
101 0 |a rus 
102 |a BY 
200 1 |a Алгебра и аналитическая геометрия  |e учебное пособие  |e в 2 ч.  |f М. В. Милованов [и др.] 
210 |a Минск  |c Вышэйшая школа  |d 1984-1987 
701 1 |a Милованов  |b М. В.  |g Михаил Васильевич 
701 1 |a Толкачев  |b М. М.  |g Михаил Мефодьевич 
701 1 |a Тышкевич  |b Р. И.  |g Регина Иосифовна 
701 1 |a Феденко  |b А. С.  |g Анатолий Семенович 
801 0 |a RU  |b 63413507  |c 20011210  |g PSBO 
801 2 |a RU  |b 63413507  |c 20150128  |g PSBO 
900 |a Системы автоматизированного проектирования технологических процессов 
900 |a Компьютерное проектирование и конструирование МАХП и пре 
942 |c BK